000
00288nam a2200109Ia 4500
008
171211s9999 xx 000 0 und d
245
_a
Manual of Dietetic Practice
245
_c
Joan Gandy
260
_c
2014
650
_x
HEALTH
856
_u
http://down.ebook777.com/017/9780470656228.pdf
999
_c
348375
_d
348375